Statistics for Sport Moment Nicknames

Click here to take the quiz!

General Stats

  • This quiz has been taken 16 times
  • The average score is 7 of 14

Answer Stats

NicknameWho Was InvolvedAnswer% Correct
______ in the Jungle.Ali vs. ForemanRumble
94%
The Thrilla in ______.Ali vs. Frazier #3Manila
88%
Miracle on ___USA vs. USSRIce
81%
The ____ FumbleJets vs. PatriotsButt
69%
The ____ of GodArgentina vs. England, World CupHand
69%
The __________ ReceptionSteelers vs. RaidersImmaculate
69%
_____ City MiracleTitans vs. BillsMusic
69%
The _____49ers vs. CowboysCatch
56%
Miracle at the ___________.Eagles vs. GiantsMeadowlands
50%
The ____Bulls vs. CavsShot
38%
The _____Broncos vs. BrownsDrive
25%
The Holy ______Oakland Radiers vs. San Diego ChargersRoller
19%
The ____California vs. StanfordPlay
13%
The Phantom _____Dolphins vs JetsSpike
6%

Score Distribution

Percentile by Number Answered

Percent of People with Each Score

Your Score History

You have not taken this quiz